Griechische Baukunst in geometrischer Zeit /

Bibliographic Details
Main Author: Drerup, Heinrich, 1908-
Format: Book
Language:German
Published: Göttingen : Vandenhoeck & Ruprecht, 1969.
Series:Archaeologia Homerica ; Bd. 2, Kapitel O.
Subjects:

MARC

Tag First Indicator Second Indicator Subfields
LEADER 00000cam a2200000 4500
001 in00000014913
005 20151007052924.0
008 721128s1969 gw af b 00010 ger
010 |a  79542143  
035 |a (OCoLC)00502132 
035 |9 AAA9714AM 
040 |a DLC  |c AKR  |d TXA  |d UtOrBLW 
049 |a TXAM  |c [A10046152] 
050 0 0 |a DF13  |b .A7 Bd.2, O 
100 1 |a Drerup, Heinrich,  |d 1908- 
245 1 0 |a Griechische Baukunst in geometrischer Zeit /  |c von Heinrich Drerup. 
264 1 |a Göttingen :  |b Vandenhoeck & Ruprecht,  |c 1969. 
300 |a 136 pages, 8 unnumbered pages of plates :  |b illustrations ;  |c 25 cm. 
336 |a text  |b txt  |2 rdacontent 
337 |a unmediated  |b n  |2 rdamedia 
338 |a volume  |b nc  |2 rdacarrier 
490 1 |a Archaeologia Homerica ;  |v Bd. 2, Kapitel O 
504 |a Includes bibliographical references. 
650 0 |a Architecture, Greek. 
830 0 |a Archaeologia Homerica ;  |v Bd. 2, Kapitel O. 
999 |a MARS 
999 f f |s 3680f87e-b4b7-3c56-909f-36097ddfdc92  |i 1ea42373-1718-3578-ae7d-afb9c957b68a  |t 0 
952 f f |p ric  |a Texas A&M University  |b Rellis Campus  |c Joint Library Facility  |d Remote Storage  |t 0  |e DF13 .A7 Bd.2 O  |h Library of Congress classification  |i unmediated -- volume  |m A14810046152 
998 f f |a DF13 .A7 Bd.2 O  |t 0  |l Remote Storage